000 00675nam a2200193 i 4500
001 47211
003 ES-MaACL
005 20250827062603.0
007 t|
008 030404s1982 sp z |||| | spa d
110 1 _aEspaña
_93622
243 0 _aTratados, etc.
245 1 0 _aConvenios y acuerdos internacionales en materia de seguridad social suscritos por España con otros países e instrumentos jurídicos complementarios.
260 _aMadrid :
_bInstituto Nacional de la Seguridad Social,
_c[1982]
300 _a691 p. ;
_c21 cm.
650 4 _aSeguridad social-
_zEspaña-
_vTratados, convenios, etc.
_9168909
852 _aES-MaACL
_jL-3433
999 _c47211
_d47211